000 00389nam a2200145 a 4500
005 20140412111302.0
008 110128s19uu xx 00 eng d
020 _a0-439-51786-9
050 _aTR(GS 745.4
_bAl1 2008
100 _aAlcorn, Jo Lynn
245 _aAmazing animal art projects /
_cJo Lynn Alcorn.
260 _aU.S.A :
_bScholastic,
_c2008.
300 _a80p.
999 _c103479
_d103479